| 000 | 00375nam a2200157Ia 4500 | ||
|---|---|---|---|
| 008 | 230917s9999||||xx |||||||||||||| ||und|| | ||
| 020 | _cPOU15 | ||
| 040 |
_e7073 _aMAIN |
||
| 041 | _aEnglish | ||
| 082 | _a658.1511 M858I | ||
| 100 | _aMott, Graham | ||
| 245 | 0 | _aInvestment appraisal for managers | |
| 260 |
_aLondon _bMacMillan _c1982 |
||
| 300 | _a156 p. | ||
| 942 | _cBK | ||
| 999 |
_c231265 _d231265 |
||